000 00610nam a22002177a 4500
003 UA-OsUOA
001 88247
007 ta
008 20121003b un ||||| |||| 00| 0 ukr d
100 _aКабанець Є.
090 _a94(477)
_bК12
942 _cSA
040 _aUA-OsUOA
_bukr
_cUA-OsUOA
_dUA-OsUOA
245 _aЧому був зруйнований Успенський собор Києво-Печерської лаври
300 _aС.8
955 _a0
041 _aukr
080 _a94(477)
773 0 _w88246
650 7 _a9 Географія. Біографії. Історія
_2UDC
999 _c374706
_d374706